Sihr Misr fi kitabat al-rahalah al-injliz fi al-qarn al-tasi ashar.

محفوظ في:

المؤلف الرئيسي: Rushdi, Rashad.

التنسيق: كتاب

اللغة: Arabic

منشور في: al-Qāhirah : al-Majlis al-Aʻlá lil-Thaqāfah, 2002.

سلاسل: Mashrūʻ al-qawmī lil-tarjamah ; 346.

الموضوعات:

الوسوم: إضافة وسم

لا توجد وسوم, كن أول من يضع وسما على هذه التسجيلة!

رقم الطلب: DT53 .R8733

LEADER 00869nam a22002177a 4500
005 20251221102203.0
008 251221t2002 ua b 000 0 ara d
040 |c ARCE Library 
050 1 4 |a DT53  |b .R8733 
100 1 |a Rushdi, Rashad. 
240 1 |a Lure of Egypt for English writers and travellers during the nineteenth century.  |l Arabic. 
245 1 0 |a Sihr Misr fi kitabat al-rahalah al-injliz fi al-qarn al-tasi ashar. 
246 3 1 |a سحر مصر في كتابات الرحالة الانجليز في القرن التاسع عشر  
260 |a al-Qāhirah :   |b al-Majlis al-Aʻlá lil-Thaqāfah,   |c 2002. 
300 |a 69 pages ;   |c 23 cm. 
490 |a Mashrūʻ al-qawmī lil-tarjamah ; 346. 
504 |a Includes bibliographical references. 
651 0 |a Egypt   |x Description and travel. 
651 0 |a British   |z Egypt   |x History. 
942 |2 lcc  |c BK 
999 |c 47291  |d 47291